Provas de Aferição do Ensino Básico - 4º,6º e 9º Anos _ 2003 (Registo nº 737)

Detalhes MARC
000 -Etiqueta do registo
Cabeçalho 00856nam0a22003011 4500
005 - Identificador da versão
Campo de controlo 20240813121811.0
010 ## - Número internacional normalizado dos livros (ISBN)
Número (ISBN) 9727421962
021 ## - Número do Depósito Legal
Código do país PT
Número 183 508/02
035 ## - Other System Control Numbers
System Control Number 0000807
System Control Number 0000802
System Control Number 0000795
System Control Number 0000783
100 ## - Dados gerais de processamento
Dados gerais de processamento 20071026d2004 a e0pory5003 ba
102 ## - Pais de publicação ou produção
País de publicação Portugal
101 0# - Língua de publicação
Língua do texto, banda sonora, etc. Português
Língua do documento no original Português
106 ## - Campo de dados codificados: material textual
Dados codificados do material textual r
105 ## - Campo de dados codificados: livros
Dados codificados dos livros a z 001yy
215 ## - Descrição física 
Indicação específica da natureza do documento e extensão da espécie 318p.
Outras indicações físicas il.
Dimensões cm
200 1# - Titulo e menção de responsabilidade
Título próprio Provas de Aferição do Ensino Básico - 4º,6º e 9º Anos _ 2003
Primeira menção de responsabilidade ME/Direcção-Geral de Inovação e de Desenvolvimento Curricular
Outras menções de responsabilidade Col.Vasco Alves
205 ## - Menção da edição
Menção da edição 1ª ed
210 ## - Publicação, Distribuição, etc. 
Lugar da edição, distribuição, etc. Lisboa
Nome do editor, distribuidor, etc. ME - Direcção -Geral de Inovação e de DesenvolvimentoCurricular
Data da publicação, distribuição, etc. 2004
675 ## - Classificação Decimal Universal (CDU)
Notação 37
Língua da edição por
702 #1 - Nome de autor-pessoa física (responsabilidade secundária)
Número de registo de entrada de autoridade 0001015
Código de função Técnico gráfico / Colorista / Desenhador gráfico / Designer / Impressor de fotografias / Técnico de desenho computorizado
701 #1 - Nome de autor-pessoa física (co-responsabilidade principal)
Código de função Colaborador
942 ## - Elementos de entrada adicionados (Koha)
Tipo de item no Koha Livro
Exemplares
Situação do levantamento Origin of item (home branch) (coded) Biblioteca de empréstimo Código de barras Circulation type (not for loan) Tipo de documento Nota do exemplar Damaged status
  Biblioteca Escolar Eng. Nuno Mergulhão Biblioteca Escolar Eng. Nuno Mergulhão BENM1266   Livro Sem mensagem